| 000 | 00441nam a2200157Ia 4500 | ||
|---|---|---|---|
| 008 | 230917s9999||||xx |||||||||||||| ||und|| | ||
| 020 | _cPOU2.5 | ||
| 040 |
_e16440 _aMAIN |
||
| 041 | _aEnglish | ||
| 082 | _a791.430954 D977B | ||
| 100 | _aDwyer, Rachel, ed. | ||
| 245 | 0 | _aBeyond the boundaries of Bollywood: The many forms of Hindi cinema | |
| 260 |
_aNew Delhi _bOxford University Press _c2011 |
||
| 300 | _axiii, 280 p. | ||
| 942 | _cBK | ||
| 999 |
_c195653 _d195653 |
||